Statistics for The Big Show's career opponents

Click here to take the quiz!

General Stats

  • This quiz has been taken 207 times
    (99 since last reset)
  • The average score is 88 of 174

Answer Stats

Answer% Correct
Randy Orton
100%
Kane
97%
Triple H
97%
Brock Lesnar
95%
Ric Flair
95%
The Undertaker
95%
Batista
92%
Jeff Hardy
92%
John Cena
92%
Eddie Guerrero
90%
Edge
90%
Hulk Hogan
90%
Roman Reigns
90%
"Stone Cold" Steve Austin
90%
The Rock
90%
CM Punk
87%
Goldberg
87%
Kevin Nash
87%
Kurt Angle
87%
Rey Mysterio
87%
Shawn Michaels
87%
Chavo Guerrero Jr.
85%
Chris Jericho
85%
Seth Rollins
85%
Shane McMahon
85%
Sheamus
85%
Test
85%
Billy Gunn
82%
Booker T
82%
Bubba Ray Dudley
82%
Daniel Bryan
82%
Luther Reigns
82%
Mark Henry
82%
The Miz
82%
X-Pac
82%
Bray Wyatt
79%
Christian
79%
Dean Ambrose
79%
Raven
79%
Rob Van Dam
79%
Spike Dudley
79%
Sting
79%
Chris Benoit
77%
John Bradshaw Layfield
77%
Kofi Kingston
77%
Scott Hall
77%
Val Venis
77%
Alberto Del Rio
74%
Braun Strowman
74%
Cody Rhodes
74%
"Macho Man" Randy Savage
74%
William Regal
74%
Arn Anderson
72%
Big Bossman
72%
Shelton Benjamin
72%
Bobby Lashley
69%
John Morrison
69%
The Godfather
69%
Al Snow
67%
Lex Luger
67%
Perry Saturn
67%
Rikishi
67%
Viscera
67%
Cesaro
64%
Finlay
64%
Hardcore Holly
64%
Heath Slater
64%
Jack Swagger
64%
Road Dogg
64%
Tazz
64%
Chris Masters
62%
"Diamond" Dallas Page
62%
Drew McIntyre
62%
Jeff Jarrett
62%
Rhyno
62%
Scott Steiner
62%
The Great Khali
62%
Wade Barrett
62%
Dick Slater
59%
Erick Rowan
59%
Kevin Owens
59%
Lance Storm
59%
Mankind
59%
Davey Boy Smith
56%
The Sandman
56%
Zack Ryder
56%
Jinder Mahal
54%
Joey Mercury
54%
Ryback
54%
Tommy Dreamer
54%
Sabu
51%
Snitsky
51%
Buff Bagwell
49%
D'Lo Brown
49%
Luke Gallows
49%
Mark Jindrak
49%
Matt Morgan
49%
The Hurricane
49%
Meng
46%
Orlando Jordan
46%
Ezekiel Jackson
44%
Floyd Mayweather
44%
Mideon
44%
Prince Albert
44%
R-Truth
44%
Rusev
44%
Santino Marella
44%
Scott Norton
44%
Titus O'Neil
44%
Bull Buchanan
41%
Funaki
41%
Stevie Ray
41%
David Otunga
38%
Konnan
38%
Brian Adams
36%
Hugh Morrus
36%
Mike Awesome
36%
Bo Dallas
33%
Chris Adams
33%
Chuck Palumbo
33%
Curt Hennig
33%
Jamie Noble
33%
MVP
33%
Dave Sullivan
31%
John Tenta
31%
Primo
31%
Alex Riley
28%
"Hacksaw" Jim Duggan
28%
Rob Conway
28%
Brodus Clay
26%
JTG
26%
Akebono
23%
Disco Inferno
23%
Heidenreich
23%
Hornswoggle
23%
Shannon Moore
23%
The Renegade
23%
Jim Powers
18%
Tiger Ali Singh
18%
Vincent
18%
Big Cass
15%
Damien Sandow
15%
Ricardo Rodriguez
15%
Tyler Reks
15%
Brad Armstrong
13%
Brian Knobbs
13%
Joey Ryan
13%
Mason Ryan
13%
Roadblock
13%
Domino
10%
Greg "The Hammer" Valentine
10%
Kevin Greene
10%
QT Marshall
10%
Akio
8%
Chaz
8%
Colin Delaney
8%
Paul Bearer
8%
The Booty Man
8%
Van Hammer
8%
Ice Train
5%
Loch Ness
5%
Johnny Stamboli
3%
Pat Tanaka
3%
Scott Putski
3%
The Brooklyn Brawler
3%
The Great Muta
3%
Big Al
0%
Carl Ouellet
0%
Cobra
0%
Craig Pittman
0%
Johnny B. Badd
0%
Kensuke Sasaki
0%
Kurasawa
0%
Lizmark Jr.
0%

Score Distribution

Percentile by Number Answered

Percent of People with Each Score

Your Score History

You have not taken this quiz since the last reset